000
00266nam a22000977a 4500
999
_c
11309
_d
11309
008
190208b ||||| |||| 00| 0 eng d
020
_a
9780736034241
100
_a
Hoffman
_9
7050
245
_a
Physiological Aspects of Sport Training
260
_a
USA
_b
Human Kinetics
_c
2002